Top 20 biggest cities in South West England - Statistics

General Stats
  • This quiz has been taken 57 times
  • The average score is 13 of 20
Answer Stats
Hint Answer % Correct
586,781 Bristol
98%
240,903 Plymouth
98%
124,893 Exeter
94%
101,557 Bath
92%
200,916 Bournemouth
90%
151,176 Gloucester
88%
160,778 Poole
86%
201,669 Swindon
82%
119,587 Cheltenham
71%
87,594 Weston-super-Mare
71%
52,622 Torquay
69%
64,174 Taunton
59%
49,698 Yeovil
59%
47,550 Salisbury
57%
55,650 Weymouth
55%
69,074 Paignton
43%
56,316 Christchurch
33%
43,513 Trowbridge
33%
45,066 Bridgwater
27%
70,417 Filton
10%
No matching quizzes found
Score Distribution
Percent of People with Each Score
Percentile by Number Answered
Your Score History
You have not taken this quiz